The Christ of the Ignatian exercises / (Record no. 126691)
[ view plain ]
| 000 -LEADER | |
|---|---|
| fixed length control field | 01273cam a2200325 a 4500 |
| 001 - CONTROL NUMBER | |
| control field | 3367436 |
| 003 - CONTROL NUMBER IDENTIFIER | |
| control field | ARRUPE |
| 005 - DATE AND TIME OF LATEST TRANSACTION | |
| control field | 20170818110336.0 |
| 008 - FIXED-LENGTH DATA ELEMENTS--GENERAL INFORMATION | |
| fixed length control field | 870512s1987 nyu b 001 0 eng |
| 010 ## - LIBRARY OF CONGRESS CONTROL NUMBER | |
| LC control number | 87014186 |
| 020 ## - INTERNATIONAL STANDARD BOOK NUMBER | |
| International Standard Book Number | 0883445697 (pbk.) |
| 040 ## - CATALOGING SOURCE | |
| Original cataloging agency | DLC |
| Transcribing agency | DLC |
| Modifying agency | DLC |
| 041 1# - LANGUAGE CODE | |
| Language code of text/sound track or separate title | engspa |
| 050 00 - LIBRARY OF CONGRESS CALL NUMBER | |
| Classification number | BT198 |
| Item number | .S39213 1987 |
| 082 00 - DEWEY DECIMAL CLASSIFICATION NUMBER | |
| Classification number | 232/.092/4 |
| Edition number | 19 |
| 300 ## - PHYSICAL DESCRIPTION | |
| Dimensions | 24 cm. |
| 100 1# - MAIN ENTRY--PERSONAL NAME | |
| Personal name | Segundo, Juan Luis. |
| 9 (RLIN) | 11553 |
| 240 10 - UNIFORM TITLE | |
| Uniform title | <a href="Cristo de los ejercicios espirituales.">Cristo de los ejercicios espirituales.</a> |
| Language of a work | English |
| 245 14 - TITLE STATEMENT | |
| Title | The Christ of the Ignatian exercises / |
| Statement of responsibility, etc | Juan Luis Segundo ; edited and translated from the Spanish by John Drury. |
| 260 ## - PUBLICATION, DISTRIBUTION, ETC. (IMPRINT) | |
| Place of publication, distribution, etc | Maryknoll, N.Y. : |
| Name of publisher, distributor, etc | Orbis Books, |
| Date of publication, distribution, etc | c1987. |
| 300 ## - PHYSICAL DESCRIPTION | |
| Extent | vii, 147 p. ; |
| 490 1# - SERIES STATEMENT | |
| Series statement | Jesus of Nazareth yesterday and today ; |
| Volume number/sequential designation | v. 4 |
| 500 ## - GENERAL NOTE | |
| General note | Translation of: El Cristo de los ejercicios espirituales. |
| 500 ## - GENERAL NOTE | |
| General note | Includes index. |
| 504 ## - BIBLIOGRAPHY, ETC. NOTE | |
| Bibliography, etc | Bibliography: p. 143-144. |
| 600 00 - SUBJECT ADDED ENTRY--PERSONAL NAME | |
| Personal name | Jesus Christ |
| General subdivision | History of doctrines |
| Chronological subdivision | 16th century. |
| 9 (RLIN) | 34880 |
| 600 00 - SUBJECT ADDED ENTRY--PERSONAL NAME | |
| Personal name | Ignatius, |
| Titles and other words associated with a name | of Loyola, Saint, |
| Dates associated with a name | 1491-1556. |
| Title of a work | Exercitia spiritualia. |
| 9 (RLIN) | 34881 |
| 650 #0 - SUBJECT ADDED ENTRY--TOPICAL TERM | |
| Topical term or geographic name as entry element | Spiritual exercises. |
| 9 (RLIN) | 34882 |
| 800 1# - SERIES ADDED ENTRY--PERSONAL NAME | |
| Personal name | Segundo, Juan Luis. |
| Title of a work | Hombre de hoy ante Jesus de Nazaret. |
| Language of a work | English ; |
| Volume/sequential designation | v. 4. |
| 9 (RLIN) | 34883 |
| 906 ## - LOCAL DATA ELEMENT F, LDF (RLIN) | |
| a | 7 |
| b | cbc |
| c | orignew |
| d | 1 |
| e | ocip |
| f | 19 |
| g | y-gencatlg |
| 942 ## - ADDED ENTRY ELEMENTS (KOHA) | |
| Source of classification or shelving scheme | Library of Congress Classification |
| Koha item type | Monograph ( Printed materials) |
| Withdrawn status | Lost status | Source of classification or shelving scheme | Damaged status | Not for loan | Collection code | Home library | Current library | Shelving location | Date acquired | Total Checkouts | Full call number | Barcode | Date last seen | Price effective from | Koha item type |
|---|---|---|---|---|---|---|---|---|---|---|---|---|---|---|---|
| Library of Congress Classification | Main Collection | ARRUPE LIBRARY | ARRUPE LIBRARY | Main Collection | 18/08/2017 | BX2179.L8 S39213 1987 | 46500024646 | 22/11/2017 | 18/08/2017 | Monograph ( Printed materials) |